000 01850nam a22002177a 4500
003 CUTN
005 20250204161230.0
008 250204b |||||||| |||| 00| 0 eng d
020 _a9788180942068
041 _aEnglish
082 _a370.82
_bARU
100 _aArumuga Gandhi, E.
245 _aModern Education :
_bWomen and Weaker Sections /
260 _aChennai :
_bMJP Publishers,
_c2014.
300 _axvii + 215 pages;
_billustrations;
_c25 cm
505 _tStructure and Pattern of Indian Education System: An Introduction Social Networking Sites Addiction and Self Esteem of Higher Secondary School Students Using Technology to Foster English Reading Proficiency for English as Second Language Learners Multifaceted Forms of ICT and Educational Technologies in the Modern Era Centre of Control and Achievement in Environmental Studies of School Students Empowering Dalits through Education Accommodations for Educational Transactions to Learning Disability Perspectives Education for Marginalized: An Analysis from Human Rights Perspective Do We Really Educate Our Children? An Analysis of Ideology Vs Reality Gender and Subject Selection in Vocational Stream of Education at Higher Secondary Level Subject Preference in Higher Education: An Analysis through Gender Perspective Girl Children and Education: An Empirical Study in Puducherry Region Role of Educational Intervention and its Impact on Health Status of Women Total Literacy Campaign and Jan Shikshan Sansthan: Means for Women Empowerment Education, Youth and Unemployment in India: A Sociological Analysis Is Vocational Stream of Education Means for Removing Unemployability: Myths and Realities Education for Survival of the Marginalised through Community College Index
650 _aEducation
650 _aSociology
650 _aWomen's Studies
942 _2ddc
_cBOOKS
999 _c43995
_d43995